| 000 | 00799nam a22002657a 4500 | ||
|---|---|---|---|
| 005 | 20230928134556.0 | ||
| 008 | 230928b ||||| |||| 00| 0 eng d | ||
| 020 | _a9789355323040 | ||
| 040 |
_aIN-DiNC _cIN-DiNC |
||
| 041 | _deng | ||
| 082 |
_a030 _bDAS |
||
| 100 |
_aDas, Raj Kumar _eauthor |
||
| 245 |
_aGeneral studies manual for Assam civil services examination/ _cby Raj Kumar Das and Biswajit Dutta |
||
| 250 | _a3rd ed. | ||
| 260 |
_aChennai: _bMcGraw Hill, _c2023. |
||
| 300 | _axxi, 1154p. | ||
| 650 | _aHistory, art and culture | ||
| 650 | _aConstitution, polity, governance and social justice | ||
| 650 | _aEconomy | ||
| 650 | _aEthics, integrity and aptitude | ||
| 650 | _aNorth East | ||
| 650 | _aCurrent affairs | ||
| 700 |
_aDutta, Biswajit _eauthor |
||
| 942 |
_2ddc _cBK |
||
| 999 |
_c11671 _d11671 |
||